00314nam a2200121Ia 4500008004100000041000800041082001200049100001900061245004500080260003200125300003000157365000500187240624s9999 xx 000 0 und d aeng a330 FRA aFRANK ROBERT H aECONOMIC NATURALIST IN SEARCH OF EXPLANA c2007aNew YorkbBasic Books axi, : 226 : p. : cm. ; 19 c